| 000 | 00411nam a2200109Ia 4500 | ||
|---|---|---|---|
| 008 | 171211s9999 xx 000 0 und d | ||
| 245 | _aPsychological, Educational, and Sociological Perspectives on Success and Well-Being in Career Development | ||
| 245 | _cAnita C. Keller, Manfred Max Bergman, and Robin Samuel | ||
| 260 | _c2014 | ||
| 650 | _xPSYCHOLOGY | ||
| 856 | _uhttp://down.ebook777.com/063/940178910X.pdf | ||
| 999 |
_c349233 _d349233 |
||